| Tag |
First Indicator |
Second Indicator |
Subfields |
| LEADER |
00000cam a2200000 i 4500 |
| 001 |
in00000060310 |
| 005 |
20151007082525.0 |
| 008 |
780607s1975 ne d 00010 eng |
| 010 |
|
|
|a 78312756
|
| 015 |
|
|
|a Ne***
|
| 020 |
|
|
|a 9031600830 :
|c fl 8.00
|
| 035 |
|
|
|a (OCoLC)02770863
|
| 035 |
|
|
|9 AAF8006AM
|
| 040 |
|
|
|a DLC
|c DLC
|d TXA
|d UtOrBLW
|
| 041 |
0 |
|
|a eng
|a nai
|
| 049 |
|
|
|a TXAM
|c [979453]
|
| 050 |
0 |
0 |
|a PM2325.Z5
|b K8
|
| 082 |
0 |
|
|a 497/.3
|
| 100 |
1 |
|
|a Kuipers, Aert Hendrik.
|
| 245 |
1 |
2 |
|a A classified English-Shuswap word-list /
|c A. H. Kuipers.
|
| 264 |
|
1 |
|a Lisse :
|b Peter de Ridder Press,
|c 1975.
|
| 300 |
|
|
|a 35 pages ;
|c 24 cm.
|
| 336 |
|
|
|a text
|b txt
|2 rdacontent
|
| 337 |
|
|
|a unmediated
|b n
|2 rdamedia
|
| 338 |
|
|
|a volume
|b nc
|2 rdacarrier
|
| 490 |
1 |
|
|a PdR Press publications on Salish languages ;
|v 3
|
| 650 |
|
0 |
|a Shuswap language
|x Glossaries, vocabularies, etc.
|
| 830 |
|
0 |
|a PdR Press publications on Salish languages ;
|v 3.
|
| 999 |
|
|
|a MARS
|
| 999 |
f |
f |
|s 39ec79a9-fb0a-3b0b-a4f1-e5cb381b5e2f
|i 22bd124f-9153-38aa-b38d-a6209c1fd7ae
|t 0
|
| 952 |
f |
f |
|p ric
|a Texas A&M University
|b Rellis Campus
|c Joint Library Facility
|d Remote Storage
|t 0
|e PM2325.Z5 K8
|h Library of Congress classification
|i unmediated -- volume
|m A14803652811
|
| 998 |
f |
f |
|a PM2325.Z5 K8
|t 0
|l Remote Storage
|